Statistics for Countries That Share Same Letter Sequences #2

Click here to take the quiz!

General Stats

  • This quiz has been taken 672 times
    (666 since last reset)
  • The average score is 10 of 25

Answer Stats

LettersCountry% Correct
IRAIran
85%
IRAIraq
84%
MONMongolia
69%
MONMonaco
66%
MONMontenegro
65%
INAChina
54%
ILBrazil
53%
INAArgentina
52%
ICADominica
51%
ICADominican Republic
46%
ICAJamaica
41%
ICACosta Rica
38%
ICASouth Africa
36%
ILChile
30%
ICANicaragua
28%
MONSolomon Islands
28%
ILPhilippines
26%
INABurkina Faso
23%
ICACentral African Republic
23%
INABosnia and Herzegovina
20%
ILThailand
18%
IRAUnited Arab Emirates
14%
INASuriname
13%
ICAVatican City
11%
ILSwaziland
10%

Score Distribution

Percentile by Number Answered

Percent of People with Each Score

Your Score History

You have not taken this quiz since the last reset